[Event "World Rapid Championship"]
[Site "Berlin GER"]
[Date "2015.10.10"]
[EventDate "2015.10.10"]
[Round "4.29"]
[Result "0-1"]
[White "Baskaran Adhiban"]
[Black "Vladimir Akopian"]
[WhiteElo "2674"]
[BlackElo "2648"]
[PlyCount "108"]

1. e4 e5 2. Nc3 Nc6 3. g3 h5 4. h3 h4 5. g4 Nge7 6. Bg2 Ng6
7. Nge2 Be7 8. Nd5 Bg5 9. O-O d6 10. d4 Bxc1 11. Rxc1 Be6
12. f4 Bxd5 13. exd5 Nxd4 14. Nxd4 exd4 15. Qxd4 O-O 16. g5 f5
17. Rce1 Re8 18. Bf3 Qd7 19. Re6 Nf8 20. Rfe1 Nxe6 21. dxe6 c5
22. Qf2 Qa4 23. e7 g6 24. Bd5+ Kg7 25. c3 Rac8 26. b3 Qd7
27. Qxh4 Rh8 28. Be6 Qxe7 29. Bxc8 Qf7 30. Qg3 Rxc8 31. Qe3
Rc7 32. c4 Kf8 33. Qe6 Rd7 34. h4 a6 35. a4 Kg7 36. h5 Qxe6
37. Rxe6 gxh5 38. Kf2 d5 39. cxd5 Rxd5 40. Re7+ Kg6 41. Re6+
Kg7 42. Rb6 h4 43. Kg2 Rd4 44. Rxb7+ Kg6 45. Rb6+ Kh5 46. Kf3
Rd3+ 47. Kf2 Kg4 48. g6 Kxf4 49. Rxa6 Rxb3 50. Rc6 Rb2+
51. Kg1 Kg3 52. Kf1 Kf3 53. Kg1 f4 54. Kh1 Kg3 0-1

[Event "World Rapid Championship"]
[Site "Berlin GER"]
[Date "2015.10.10"]
[EventDate "2015.10.10"]
[Round "5.50"]
[Result "0-1"]
[White "Tobias Hirneise"]
[Black "Baskaran Adhiban"]
[WhiteElo "2457"]
[BlackElo "2674"]
[PlyCount "60"]

1. Nf3 Nf6 2. c4 c5 3. Nc3 Nc6 4. e3 e6 5. d4 d5 6. dxc5 Bxc5
7. a3 O-O 8. b4 Bd6 9. cxd5 exd5 10. Be2 Bg4 11. Bb2 Rc8
12. Nb5 Bb8 13. O-O Ne4 14. Nbd4 Re8 15. Rc1 Qd6 16. g3 h5
17. Nxc6 bxc6 18. Qd4 Qh6 19. Rc2 Re6 20. Qd1 Bh3 21. Nd4 Rf6
22. Nb3 Bxf1 23. Bxf1 Rg6 24. Bh3 h4 25. Bxc8 hxg3 26. hxg3
Bxg3 27. Qf3 Bxf2+ 28. Kf1 Rg1+ 29. Ke2 Re1+ 30. Kd3 Rxe3+ 0-1

[Event "World Rapid Championship"]
[Site "Berlin GER"]
[Date "2015.10.11"]
[EventDate "2015.10.10"]
[Round "6.29"]
[Result "0-1"]
[White "Baskaran Adhiban"]
[Black "Francisco Vallejo Pons"]
[WhiteElo "2674"]
[BlackElo "2684"]
[PlyCount "80"]

1. e4 e5 2. Nf3 Nc6 3. Bb5 Nf6 4. O-O Nxe4 5. d4 Nd6 6. Bxc6
dxc6 7. dxe5 Nf5 8. Qxd8+ Kxd8 9. Nc3 Ne7 10. h3 Ng6 11. Ne4
h6 12. b3 Bd7 13. Bb2 Kc8 14. Rad1 b6 15. Rfe1 a5 16. a4 Nf4
17. c4 Bb4 18. Bc3 c5 19. Bd2 Ne6 20. Nc3 Bc6 21. Nd5 Rd8
22. Bxb4 cxb4 23. Ne7+ Kb7 24. Nxc6 Kxc6 25. g4 g6 26. Kh2 Nc5
27. Nd4+ Kb7 28. Kg3 Rd7 29. e6 Re7 30. exf7 Rxf7 31. Ne6 Nxb3
32. Nd8+ Rxd8 33. Rxd8 Nc5 34. f4 Nxa4 35. Rg8 Nc3 36. Rxg6 b3
37. Rxh6 b2 38. g5 Ne2+ 39. Kh2 Nc1 40. g6 Rg7 0-1

[Event "World Rapid Championship"]
[Site "Berlin GER"]
[Date "2015.10.11"]
[EventDate "2015.10.10"]
[Round "7.34"]
[Result "1-0"]
[White "Zoltan Almasi"]
[Black "Baskaran Adhiban"]
[WhiteElo "2689"]
[BlackElo "2674"]
[PlyCount "65"]

1. Nf3 Nf6 2. c4 c5 3. Nc3 Nc6 4. g3 e6 5. Bg2 Be7 6. O-O O-O
7. d4 d5 8. cxd5 Nxd5 9. e4 Ndb4 10. d5 exd5 11. exd5 Nd4
12. Ne1 Bf5 13. Bf4 Bd6 14. Bxd6 Qxd6 15. a3 Nbc2 16. Rc1 Qg6
17. b4 Bg4 18. Qd2 Nxe1 19. Rcxe1 b6 20. bxc5 bxc5 21. Qf4
Rad8 22. Re7 a6 23. Rfe1 h5 24. h3 Bf5 25. Rc7 Qb6 26. Ree7
Qa5 27. Qe3 Bc8 28. Ne4 Qb6 29. Qg5 Bf5 30. Rxf7 Qb1+ 31. Kh2
Rxf7 32. Qxd8+ Rf8 33. Qe7 1-0

[Event "World Rapid Championship"]
[Site "Berlin GER"]
[Date "2015.10.11"]
[EventDate "2015.10.10"]
[Round "8.52"]
[Result "1-0"]
[White "Baskaran Adhiban"]
[Black "Victor Mikhalevski"]
[WhiteElo "2674"]
[BlackElo "2536"]
[PlyCount "83"]

1. e4 e5 2. Nc3 Nf6 3. g3 Nc6 4. Bg2 Bc5 5. Nge2 a6 6. O-O d6
7. Nd5 Nxd5 8. exd5 Ne7 9. d4 Ba7 10. dxe5 dxe5 11. b3 O-O
12. Ba3 Re8 13. c4 Bg4 14. h3 Bxe2 15. Qxe2 Nf5 16. Kh2 Nd4
17. Qd3 c5 18. f4 Qd6 19. Rae1 b5 20. fxe5 Rxe5 21. Qxd4 Rxe1
22. Rxe1 b4 23. Qf4 Qxf4 24. gxf4 bxa3 25. d6 Rf8 26. d7 Bb6
27. Re8 Bd8 28. Kg3 g6 29. f5 gxf5 30. Kf4 Kg7 31. Kxf5 Bh4
32. Be4 h6 33. Ke5 f5 34. Bxf5 Bg3+ 35. Ke4 Bh4 36. Bg4 a5
37. Kd5 a4 38. Rxf8 Kxf8 39. bxa4 Bd8 40. Kxc5 Ke7 41. Kc6 Ba5
42. Kb5 1-0

[Event "World Rapid Championship"]
[Site "Berlin GER"]
[Date "2015.10.11"]
[EventDate "2015.10.10"]
[Round "9.36"]
[Result "0-1"]
[White "Alexander Morozevich"]
[Black "Baskaran Adhiban"]
[WhiteElo "2711"]
[BlackElo "2674"]
[PlyCount "125"]

1. e4 e5 2. Nf3 Nc6 3. d4 exd4 4. Nxd4 Nf6 5. Nxc6 bxc6 6. e5
Qe7 7. Qe2 Nd5 8. h4 f6 9. c4 Ba6 10. Rh3 fxe5 11. Bg5 Nf6
12. Re3 O-O-O 13. Ra3 Qb4+ 14. Nc3 Bb7 15. O-O-O Bc5 16. Qxe5
Bxf2 17. Bf4 Bb6 18. Na4 Rhe8 19. Nxb6+ Qxb6 20. Qa5 Qxa5
21. Rxa5 Kb8 22. Bd3 h6 23. b4 d6 24. Bg6 Re2 25. Rd2 Re1+
26. Rd1 Re2 27. Rd2 Re1+ 28. Rd1 Rxd1+ 29. Kxd1 c5 30. bxc5
dxc5+ 31. Ke2 Rd4 32. g3 Be4 33. Bf7 Bd3+ 34. Kf3 Bxc4
35. Bxc7+ Kb7 36. Bxc4 Rxc4 37. Be5 h5 38. Ra3 a6 39. Rd3 Ra4
40. Rd2 Kc6 41. Rd6+ Kb5 42. Rd2 Ra3+ 43. Kf4 Kc4 44. Kf5 Nd5
45. Ke6 Nb4 46. Bxg7 Rxg3 47. Bf8 a5 48. Re2 Rf3 49. Re4+ Kd3
50. Re5 Rxf8 51. Rxc5 a4 52. a3 Nc2 53. Ra5 Rf4 54. Rxh5 Nd4+
55. Kd5 Nf3 56. Kc5 Nxh4 57. Kb5 Kc3 58. Re5 Nf5 59. Ka5 Kb3
60. Re1 Kxa3 61. Ra1+ Kb3 62. Rb1+ Ka2 63. Rh1 0-1

[Event "World Rapid Championship"]
[Site "Berlin GER"]
[Date "2015.10.11"]
[EventDate "2015.10.10"]
[Round "10.31"]
[Result "1-0"]
[White "Baskaran Adhiban"]
[Black "Ivan Ivanisevic"]
[WhiteElo "2674"]
[BlackElo "2653"]
[PlyCount "171"]

1. e4 c5 2. Nc3 Nc6 3. Bb5 Na5 4. Nf3 e6 5. d4 cxd4 6. Nxd4 a6
7. Be2 b5 8. O-O Bb7 9. Bf3 Ne7 10. Bg5 h6 11. Bh4 Nc4 12. b3
Ne5 13. Bh5 Qa5 14. f4 N5g6 15. Be1 b4 16. f5 bxc3 17. fxg6
fxg6 18. Bg4 Nc6 19. Kh1 Be7 20. Bxe6 dxe6 21. Nxe6 Bf6
22. Qd6 Qe5 23. Nxg7+ Kf7 24. Qd7+ Ne7 25. Qxb7 Kxg7 26. Bg3
Qe6 27. e5 Bg5 28. h4 Rab8 29. Qa7 Ra8 30. Qb7 Rab8 31. Qa7
Ra8 32. Qc7 Rac8 33. Qd6 Qxd6 34. exd6 Nf5 35. Be5+ Bf6
36. Bxf6+ Kxf6 37. g4 Rcd8 38. Rad1 Rhe8 39. gxf5 gxf5 40. Rf3
Re4 41. Rxc3 Rxh4+ 42. Kg2 Rg4+ 43. Rg3 Ke6 44. Rh1 Kxd6
45. Rxh6+ Kc5 46. Rxg4 fxg4 47. Rxa6 Rd2+ 48. Kg3 Rxc2
49. Kxg4 Kb5 50. Ra4 Rc8 51. Kf3 Rc3+ 52. Ke2 Rc8 53. Kd2 Rg8
54. Kc2 Rg2+ 55. Kb1 Rf2 56. Rc4 Rg2 57. Rc2 Rg4 58. Kb2 Rg5
59. a4+ Ka5 60. Ka3 Rg4 61. Rc5+ Kb6 62. Rc4 Rg5 63. Kb4 Rf5
64. Re4 Rf6 65. a5+ Ka6 66. Ka4 Kb7 67. Re5 Ka6 68. b4 Rf4
69. Re6+ Ka7 70. Rc6 Rg4 71. Kb5 Rg5+ 72. Rc5 Rg7 73. a6 Rg6
74. Rc7+ Kb8 75. Rc6 Rg2 76. Kb6 Rg8 77. b5 Ka8 78. Rd6 Rc8
79. Ka5 Rc5 80. Kb4 Rf5 81. b6 Rf4+ 82. Kb5 Rf5+ 83. Kc6 Rf8
84. Rd5 Rg8 85. Kb5 Rf8 86. a7 1-0

[Event "World Blitz Championship"]
[Site "Berlin GER"]
[Date "2015.10.13"]
[EventDate "2015.10.13"]
[Round "1.90"]
[Result "1-0"]
[White "Baskaran Adhiban"]
[Black "Gerhard Koehler"]
[WhiteElo "2674"]
[BlackElo "2173"]
[PlyCount "65"]

1. d4 Nf6 2. c4 g6 3. Nc3 Bg7 4. e4 d6 5. f4 O-O 6. Nf3 c5
7. d5 b5 8. cxb5 a6 9. a4 axb5 10. Bxb5 Ba6 11. Bd2 Bxb5
12. axb5 Rxa1 13. Qxa1 Qb6 14. O-O c4+ 15. Kh1 Ng4 16. Qe1 Nd7
17. h3 Ngf6 18. e5 Ne8 19. e6 Nc5 20. exf7+ Rxf7 21. Ng5 Rf8
22. Qxe7 Nd3 23. Qe6+ Kh8 24. Nf7+ Rxf7 25. Qxf7 Nf6 26. Ne4
Ng8 27. Bc3 Bxc3 28. bxc3 Qe3 29. Ng5 Qe7 30. Qxe7 Nxe7 31. b6
Nc5 32. Nf7+ Kg7 33. Nxd6 1-0

[Event "World Blitz Championship"]
[Site "Berlin GER"]
[Date "2015.10.13"]
[EventDate "2015.10.13"]
[Round "2.23"]
[Result "1-0"]
[White "Leinier Dominguez Perez"]
[Black "Baskaran Adhiban"]
[WhiteElo "2732"]
[BlackElo "2674"]
[PlyCount "57"]

1. e4 e5 2. Nf3 Nc6 3. Bb5 a6 4. Ba4 Nf6 5. Nc3 Bc5 6. O-O d6
7. d4 exd4 8. Nxd4 Bd7 9. Bxc6 bxc6 10. Bg5 h6 11. Bh4 O-O
12. Kh1 g5 13. Bg3 Re8 14. f3 Nh5 15. Bf2 Qf6 16. Qd2 Nf4
17. Nde2 Bxf2 18. Rxf2 Ng6 19. Raf1 Rab8 20. b3 Kh8 21. f4
gxf4 22. Nxf4 Ne5 23. Nd3 Qg6 24. Nxe5 Rxe5 25. Rxf7 Be6
26. R7f6 Qg5 27. Rxh6+ Kg7 28. Qxg5+ Rxg5 29. Rxe6 1-0

[Event "World Blitz Championship"]
[Site "Berlin GER"]
[Date "2015.10.13"]
[EventDate "2015.10.13"]
[Round "3.62"]
[Result "1/2-1/2"]
[White "Baskaran Adhiban"]
[Black "Tomas Krnan"]
[WhiteElo "2674"]
[BlackElo "2440"]
[PlyCount "132"]

1. d4 Nf6 2. c4 g6 3. Nc3 Bg7 4. e4 d6 5. f4 O-O 6. Nf3 c5
7. d5 e6 8. Be2 exd5 9. cxd5 Re8 10. e5 dxe5 11. fxe5 Ng4
12. e6 fxe6 13. Bg5 Qb6 14. Qd2 e5 15. h3 e4 16. hxg4 exf3
17. gxf3 Nd7 18. O-O-O Qa5 19. d6 Ne5 20. f4 Nf7 21. Bc4 Be6
22. d7 Bxc4 23. dxe8=Q+ Rxe8 24. Rhe1 Rf8 25. Be7 Re8 26. Bh4
Rf8 27. Re4 Bxa2 28. Ra4 Bxc3 29. Rxa5 Bxd2+ 30. Rxd2 Be6
31. Rxa7 Bxg4 32. Rxb7 Be6 33. Bf6 h5 34. Bc3 Bf5 35. Bf6 Re8
36. Re7 Rxe7 37. Bxe7 c4 38. Rd4 Be6 39. Kd2 Nh6 40. Rd6 Kf7
41. Bg5 Nf5 42. Rc6 Nd4 43. Rc7+ Kf8 44. Bf6 Nf3+ 45. Ke3 Ne1
46. Kd4 Nf3+ 47. Kc5 h4 48. Kd6 Bf5 49. Bxh4 Nxh4 50. Rxc4 Ng2
51. b4 Ne3 52. Rc5 Ng2 53. Ke5 Ne1 54. Kf6 Nd3 55. Rd5 Ke8
56. Rd4 Nf2 57. b5 Ng4+ 58. Kg5 Nf2 59. b6 Ne4+ 60. Kh6 Nc5
61. Rd5 Nb7 62. Kg7 Ke7 63. Re5+ Kd6 64. Kf6 Kc6 65. Rxf5 gxf5
66. Kxf5 Kxb6 1/2-1/2

[Event "World Blitz Championship"]
[Site "Berlin GER"]
[Date "2015.10.13"]
[EventDate "2015.10.13"]
[Round "4.56"]
[Result "1-0"]
[White "Johannes Carow"]
[Black "Baskaran Adhiban"]
[WhiteElo "2431"]
[BlackElo "2674"]
[PlyCount "79"]

1. d4 Nf6 2. c4 c5 3. d5 g6 4. Nc3 Bg7 5. e4 O-O 6. f3 e6
7. Be3 d6 8. Nge2 exd5 9. cxd5 Nbd7 10. Ng3 h5 11. Be2 a6
12. O-O b5 13. a3 Ne5 14. Qd2 Nh7 15. b4 c4 16. f4 Ng4 17. Bd4
Qh4 18. Bxg4 hxg4 19. Bxg7 Kxg7 20. Qd4+ Kg8 21. e5 Bf5
22. Nce4 dxe5 23. fxe5 Bxe4 24. Nxe4 Rad8 25. Nf6+ Nxf6
26. Rxf6 Qg5 27. Raf1 c3 28. Qxc3 Rxd5 29. e6 Rf5 30. R1xf5
gxf5 31. exf7+ Rxf7 32. Re6 Qd8 33. Qe3 Qd1+ 34. Kf2 Qd7
35. Re8+ Kh7 36. Re6 f4 37. Qe4+ Kg7 38. Qe5+ Kg8 39. Rg6+ Kh7
40. Qh5# 1-0

[Event "World Blitz Championship"]
[Site "Berlin GER"]
[Date "2015.10.13"]
[EventDate "2015.10.13"]
[Round "5.63"]
[Result "1-0"]
[White "Baskaran Adhiban"]
[Black "Kacper Piorun"]
[WhiteElo "2674"]
[BlackElo "2609"]
[PlyCount "101"]

1. e4 c5 2. Nf3 Nc6 3. d4 cxd4 4. Nxd4 e5 5. Nb5 d6 6. N1c3 a6
7. Na3 Be7 8. Nc4 b5 9. Ne3 Nf6 10. Bd3 O-O 11. a4 b4 12. Ncd5
Nxd5 13. Nxd5 Bg5 14. O-O Bxc1 15. Rxc1 Be6 16. Bc4 a5 17. c3
Rb8 18. Bb5 Na7 19. c4 Rc8 20. Qd2 Rc5 21. Ne3 Qc7 22. Rfd1
Rd8 23. g3 Nc8 24. Kh1 Ne7 25. Kg2 Nc8 26. Nd5 Bxd5 27. cxd5
Na7 28. Rxc5 Qxc5 29. Rc1 Qb6 30. Qg5 Nxb5 31. Rc6 Qb8
32. axb5 h6 33. Qe7 a4 34. b6 a3 35. bxa3 b3 36. Rc7 Rf8
37. Qxd6 Qa8 38. Qb4 Qa6 39. Qxb3 Qe2 40. Qf3 Qb2 41. b7 Qb6
42. Qc3 h5 43. h4 Qb1 44. Qf3 Qb6 45. Rd7 g6 46. a4 Qb4 47. d6
Kg7 48. a5 Qb5 49. Rc7 Qb4 50. a6 Qxd6 51. b8=Q 1-0

[Event "World Blitz Championship"]
[Site "Berlin GER"]
[Date "2015.10.13"]
[EventDate "2015.10.13"]
[Round "6.57"]
[Result "0-1"]
[White "Adrien Demuth"]
[Black "Baskaran Adhiban"]
[WhiteElo "2545"]
[BlackElo "2674"]
[PlyCount "78"]

1. Nf3 Nf6 2. c4 c5 3. b3 g6 4. Bb2 Bg7 5. g3 O-O 6. Bg2 Nc6
7. O-O d6 8. d4 cxd4 9. Nxd4 Bd7 10. Nc3 Rc8 11. Qd2 a6
12. Rac1 Nxd4 13. Qxd4 Bc6 14. Nd5 Bxd5 15. Bxd5 Rc7 16. Rfd1
Qb8 17. Bf3 Rfc8 18. Qe3 Ne8 19. Bxg7 Nxg7 20. Qb6 Ne8 21. Bg4
Rd8 22. c5 Nf6 23. cxd6 Rxc1 24. Rxc1 Nxg4 25. dxe7 Re8
26. Rc7 Nf6 27. Rxb7 Qc8 28. Rc7 Qf5 29. Qxa6 Nd5 30. Rc5 Qb1+
31. Kg2 Qe4+ 32. f3 Ne3+ 33. Kf2 Qxe7 34. Qc6 Nd1+ 35. Kg2
Qxe2+ 36. Kh3 Nf2+ 37. Kh4 Nd3 38. Rc2 Qe5 39. f4 Qh5# 0-1

[Event "World Blitz Championship"]
[Site "Berlin GER"]
[Date "2015.10.13"]
[EventDate "2015.10.13"]
[Round "7.36"]
[Result "1/2-1/2"]
[White "Baskaran Adhiban"]
[Black "Vladimir Akopian"]
[WhiteElo "2674"]
[BlackElo "2648"]
[PlyCount "173"]

1. d4 Nf6 2. c4 e6 3. Nf3 c5 4. g3 cxd4 5. Nxd4 Bb4+ 6. Bd2
Qb6 7. Bg2 O-O 8. O-O Nc6 9. Nb3 d5 10. cxd5 exd5 11. Be3 Qa6
12. a3 Be7 13. Nc3 Bg4 14. h3 Bh5 15. g4 Bg6 16. g5 Ne4
17. Nxd5 Rad8 18. Nxe7+ Nxe7 19. Qe1 Qb5 20. Qb4 Qe5 21. h4
Nd5 22. Qd4 Qe6 23. Nc5 Nxc5 24. Qxc5 Nxe3 25. Qxe3 Qxe3
26. fxe3 Rd2 27. b4 Rxe2 28. Bxb7 Rxe3 29. Rf3 Re5 30. Rc1 Re7
31. Bd5 Rd8 32. Bb3 h6 33. gxh6 gxh6 34. Rcf1 Kg7 35. R1f2 Rd4
36. Rf4 Rxf4 37. Rxf4 Re3 38. Bd5 Rxa3 39. Kf2 h5 40. Bf3 Rb3
41. Rd4 Kf6 42. Kg3 Ke5 43. Rd5+ Ke6 44. Rd4 f6 45. Kf4 Ra3
46. b5 Ra5 47. Rb4 Kd6 48. b6 axb6 49. Rxb6+ Ke7 50. Rb7+ Kf8
51. Rb8+ Kg7 52. Rb7+ Kh6 53. Rb6 Kg7 54. Rb7+ Bf7 55. Rc7
Ra4+ 56. Kg3 Kf8 57. Rc6 Kg7 58. Rc7 Ra3 59. Kf4 Ra5 60. Kg3
Rf5 61. Be4 Re5 62. Kf4 Kf8 63. Rc6 Be6 64. Rc7 Bf7 65. Ra7
Rc5 66. Ra8+ Kg7 67. Ra7 Rc4 68. Ke3 Rc3+ 69. Kf4 Rc5 70. Bf3
Kg6 71. Be4+ f5 72. Ra6+ Kg7 73. Bxf5 Rc4+ 74. Kg5 Rc5 75. Ra7
Re5 76. Rc7 Ra5 77. Rb7 Rc5 78. Ra7 Rb5 79. Rc7 Ra5 80. Rb7
Rc5 81. Kf4 Rc4+ 82. Kg5 Rc5 83. Kf4 Rc4+ 84. Ke5 Rc5+ 85. Kf4
Rc4+ 86. Kg5 Rc5 87. Ra7 1/2-1/2

[Event "World Blitz Championship"]
[Site "Berlin GER"]
[Date "2015.10.13"]
[EventDate "2015.10.13"]
[Round "8.35"]
[Result "0-1"]
[White "Vladimir Malakhov"]
[Black "Baskaran Adhiban"]
[WhiteElo "2694"]
[BlackElo "2674"]
[PlyCount "64"]

1. Nf3 Nf6 2. g3 g6 3. Bg2 Bg7 4. O-O O-O 5. c4 d6 6. Nc3 e5
7. d3 Nc6 8. b3 Nh5 9. Bb2 f5 10. Rc1 g5 11. Nd2 g4 12. Nd5
Nd4 13. e4 f4 14. Bxd4 exd4 15. Nxf4 Rxf4 16. gxf4 Nxf4 17. e5
Bxe5 18. Ne4 Bf5 19. Ng3 Qh4 20. Bxb7 Rf8 21. Qd2 Rf6 22. Rfe1
Rh6 23. f3 gxf3 24. Bxf3 Bxd3 25. Rcd1 Rg6 26. Rxe5 dxe5
27. Qe1 Qf6 28. Kh1 Kh8 29. Be4 Bxe4+ 30. Nxe4 Qf5 31. Ng3
Rxg3 32. Rxd4 exd4 0-1

[Event "World Blitz Championship"]
[Site "Berlin GER"]
[Date "2015.10.13"]
[EventDate "2015.10.13"]
[Round "10.33"]
[Result "0-1"]
[White "Baskaran Adhiban"]
[Black "Evgeny Alekseev"]
[WhiteElo "2674"]
[BlackElo "2642"]
[PlyCount "62"]

1. d4 Nf6 2. c4 e6 3. Nf3 b6 4. g3 Bb7 5. Bg2 Be7 6. d5 exd5
7. Nh4 c6 8. cxd5 Nxd5 9. Nf5 O-O 10. e4 Nc7 11. Bh6 Ne6
12. Qg4 Bf6 13. Nc3 Kh8 14. Bf4 Nxf4 15. gxf4 d5 16. O-O-O g6
17. Ne3 Bxc3 18. bxc3 Nd7 19. h4 Qe7 20. h5 Nf6 21. Qg5 dxe4
22. Rd7 Qa3+ 23. Kb1 Nxd7 24. hxg6 fxg6 25. Qxg6 Qe7 26. Bxe4
Nf6 27. Bc2 c5 28. Rh6 Be4 29. f5 Bxc2+ 30. Kxc2 Rad8 31. Qg2
Qe4+ 0-1

[Event "World Blitz Championship"]
[Site "Berlin GER"]
[Date "2015.10.13"]
[EventDate "2015.10.13"]
[Round "11.46"]
[Result "0-1"]
[White "Maxim Matlakov"]
[Black "Baskaran Adhiban"]
[WhiteElo "2689"]
[BlackElo "2674"]
[PlyCount "96"]

1. Nf3 Nf6 2. e3 g6 3. b4 Bg7 4. Bb2 O-O 5. Be2 d6 6. d4 Nbd7
7. O-O Re8 8. c4 e5 9. Nc3 e4 10. Nd2 h5 11. Rc1 Nf8 12. d5
N8h7 13. Re1 Bf5 14. Bf1 Ng4 15. h3 Qh4 16. g3 Qe7 17. hxg4
hxg4 18. Bg2 Ng5 19. Rc2 Bf6 20. Ne2 Kg7 21. Bxf6+ Qxf6
22. Qa1 Re5 23. c5 Nf3+ 24. Kf1 Rh8 25. Nf4 g5 26. cxd6 cxd6
27. Rec1 gxf4 28. gxf4 Rxd5 29. Qxf6+ Kxf6 30. Nb3 Rd3 31. b5
g3 32. fxg3 Rxe3 33. Kf2 Rd3 34. Rc3 Rxc3 35. Rxc3 Rh2 36. Kf1
Bg4 37. Rc2 d5 38. Bxf3 Rxc2 39. Bxg4 Rxa2 40. Be2 Ra3 41. Nc5
Rxg3 42. Kf2 Rc3 43. Nxb7 Kf5 44. Nd6+ Kxf4 45. Nxf7 d4
46. Nd8 d3 47. Bf1 e3+ 48. Ke1 Rc1# 0-1

[Event "World Blitz Championship"]
[Site "Berlin GER"]
[Date "2015.10.14"]
[EventDate "2015.10.13"]
[Round "12.34"]
[Result "0-1"]
[White "Boris Savchenko"]
[Black "Baskaran Adhiban"]
[WhiteElo "2567"]
[BlackElo "2674"]
[PlyCount "100"]

1. Nf3 Nf6 2. c4 g6 3. Nc3 Bg7 4. e4 d6 5. d4 O-O 6. Be2 e5
7. d5 a5 8. Bg5 h6 9. Bh4 Na6 10. Nd2 Nc5 11. O-O Bd7 12. b3
Qe8 13. a3 Nh7 14. b4 axb4 15. axb4 Rxa1 16. Qxa1 Na6 17. Rb1
f5 18. f3 h5 19. c5 Bh6 20. Bxa6 Bxd2 21. Bxb7 g5 22. Bf2 g4
23. c6 gxf3 24. cxd7 Qg6 25. g3 fxe4 26. Nd1 Ng5 27. Rb2 Nh3+
28. Kf1 e3 29. Rxd2 e2+ 30. Ke1 exd1=Q+ 31. Kxd1 Nxf2+
32. Rxf2 Qd3+ 33. Ke1 e4 34. Ba6 Qb3 35. Qd1 Qxb4+ 36. Kf1 Qa3
37. Bc4 Qc3 38. Rc2 Qb4 39. Qd2 Qb1+ 40. Qc1 Qb6 41. Qg5+ Kh7
42. Qxh5+ Kg7 43. Qg5+ Kh7 44. Qh4+ Kg7 45. Qxe4 f2 46. Qe7+
Rf7 47. d8=Q Qb1+ 48. Ke2 f1=Q+ 49. Ke3 Qb6+ 50. Ke4 Qf3# 0-1

[Event "World Blitz Championship"]
[Site "Berlin GER"]
[Date "2015.10.14"]
[EventDate "2015.10.13"]
[Round "13.27"]
[Result "1-0"]
[White "Baskaran Adhiban"]
[Black "Etienne Bacrot"]
[WhiteElo "2674"]
[BlackElo "2697"]
[PlyCount "111"]

1. d4 Nf6 2. c4 e6 3. Nf3 c5 4. Nc3 cxd4 5. Nxd4 Nc6 6. g3 Bc5
7. Nb3 Be7 8. Bg2 O-O 9. O-O d6 10. Bf4 a6 11. Rc1 Qc7 12. Nd5
exd5 13. cxd5 Bd7 14. dxc6 bxc6 15. Nd4 c5 16. b4 Qa7 17. Bxa8
Qxa8 18. Nf3 Bh3 19. Re1 Nd5 20. Bxd6 Bxd6 21. e4 Nxb4
22. Qxd6 Rd8 23. Qxc5 Nd3 24. Qh5 Qa7 25. Re3 Nxc1 26. Qxh3
Nxa2 27. e5 Nb4 28. e6 fxe6 29. Ng5 Rd1+ 30. Kg2 Qa8+ 31. Rf3
h6 32. Qxe6+ Kh8 33. Nf7+ Kh7 34. Qf5+ Kg8 35. Nxh6+ gxh6
36. Qg6+ Kh8 37. Qxh6+ Kg8 38. Qg6+ Kh8 39. Qh5+ Kg8 40. Qg4+
Kh8 41. Qxb4 Rg1+ 42. Kxg1 Qxf3 43. Qb8+ Kg7 44. Qa7+ Kg8
45. Qxa6 Qd1+ 46. Qf1 Qf3 47. h4 Kh7 48. Qe1 Kg6 49. Qe3 Qd1+
50. Kg2 Qd5+ 51. Qf3 Qa2 52. Qg4+ Kh7 53. Qf5+ Kg7 54. h5 Kh8
55. h6 Qa8+ 56. Kh2 1-0

[Event "World Blitz Championship"]
[Site "Berlin GER"]
[Date "2015.10.14"]
[EventDate "2015.10.13"]
[Round "14.21"]
[Result "1-0"]
[White "Ian Nepomniachtchi"]
[Black "Baskaran Adhiban"]
[WhiteElo "2705"]
[BlackElo "2674"]
[PlyCount "57"]

1. c4 e5 2. Nc3 Bb4 3. Nd5 a5 4. g3 Ne7 5. Bg2 Nxd5 6. cxd5
O-O 7. e3 d6 8. Ne2 c6 9. O-O cxd5 10. d4 a4 11. a3 Ba5
12. Qxa4 Nc6 13. Qb5 Bg4 14. Bxd5 Bb6 15. Bg2 exd4 16. Nxd4
Bxd4 17. Qxb7 Rc8 18. Bxc6 Bf6 19. Bf3 Bh3 20. Bg2 Be6 21. Rd1
h5 22. a4 Qa5 23. Qb5 Qa7 24. a5 Rc5 25. Qb6 Qd7 26. a6 Qc8
27. a7 Bg4 28. Re1 d5 29. a8=Q 1-0

[Event "World Blitz Championship"]
[Site "Berlin GER"]
[Date "2015.10.14"]
[EventDate "2015.10.13"]
[Round "15.32"]
[Result "0-1"]
[White "Baskaran Adhiban"]
[Black "Jan-Krzysztof Duda"]
[WhiteElo "2674"]
[BlackElo "2658"]
[PlyCount "78"]

1. d4 Nf6 2. c4 e6 3. Nf3 b6 4. a3 Bb7 5. Nc3 g6 6. Qc2 Bg7
7. e4 d6 8. Bg5 h6 9. Bh4 g5 10. Bg3 Nh5 11. O-O-O Nd7 12. d5
Qe7 13. Nb5 Nxg3 14. hxg3 Ne5 15. Nfd4 a6 16. Nc3 c5 17. dxc6
Nxc6 18. Nf3 Rc8 19. Kb1 g4 20. Nh4 Ne5 21. Qb3 O-O 22. f4 Nc6
23. Rd2 b5 24. cxb5 Nd4 25. Qd1 Nxb5 26. Nxb5 Bxe4+ 27. Bd3
Bxd3+ 28. Rxd3 axb5 29. Qxg4 b4 30. axb4 Rc4 31. Rb3 Rb8
32. Rc1 d5 33. Qe2 Rcxb4 34. Nf5 Qf6 35. Rxb4 Qxf5+ 36. Ka2
Rxb4 37. Rc8+ Kh7 38. g4 Qxf4 39. Qd3+ Qe4 0-1

[Event "World Blitz Championship"]
[Site "Berlin GER"]
[Date "2015.10.14"]
[EventDate "2015.10.13"]
[Round "16.41"]
[Result "1/2-1/2"]
[White "Benjamin Bok"]
[Black "Baskaran Adhiban"]
[WhiteElo "2591"]
[BlackElo "2674"]
[PlyCount "66"]

1. b3 e5 2. Bb2 Nc6 3. e3 g6 4. Nf3 Bg7 5. d4 exd4 6. Nxd4 Nf6
7. Nc3 O-O 8. Be2 Ne7 9. g4 d5 10. g5 Ne4 11. Nxe4 dxe4
12. Qc1 c5 13. Nb5 Qa5+ 14. Kf1 Bh3+ 15. Kg1 Nf5 16. Bxg7 Nxg7
17. Nd6 Rae8 18. Nxe8 Rxe8 19. Bf1 Bg4 20. Bg2 c4 21. bxc4
Qxg5 22. h4 Qf6 23. Rb1 b6 24. Qb2 Qc6 25. Qd4 Nf5 26. Qd5 Qc7
27. Bxe4 Nxe3 28. fxe3 Qg3+ 29. Bg2 Qxe3+ 30. Kh2 Qf4+ 31. Kg1
Qe3+ 32. Kh2 Qf4+ 33. Kg1 Qe3+ 1/2-1/2

[Event "World Blitz Championship"]
[Site "Berlin GER"]
[Date "2015.10.14"]
[EventDate "2015.10.13"]
[Round "17.38"]
[Result "0-1"]
[White "Baskaran Adhiban"]
[Black "Pavel Ponkratov"]
[WhiteElo "2674"]
[BlackElo "2604"]
[PlyCount "42"]

1. d4 Nf6 2. c4 e5 3. dxe5 Ng4 4. Bf4 Nc6 5. Nf3 Bb4+ 6. Nbd2
Qe7 7. a3 Ngxe5 8. Nxe5 Nxe5 9. e3 Bxd2+ 10. Qxd2 d6 11. Be2
O-O 12. b4 a5 13. O-O b6 14. c5 dxc5 15. Qd5 Bg4 16. f3 Ng6
17. fxg4 Nxf4 18. Rxf4 Qxe3+ 19. Rf2 axb4 20. Qf3 Qe5 21. Bc4
Qxa1+ 0-1

[Event "World Blitz Championship"]
[Site "Berlin GER"]
[Date "2015.10.14"]
[EventDate "2015.10.13"]
[Round "18.51"]
[Result "1-0"]
[White "Vitaly Kunin"]
[Black "Baskaran Adhiban"]
[WhiteElo "2556"]
[BlackElo "2674"]
[PlyCount "106"]

1. d3 Nf6 2. Nf3 g6 3. e4 d6 4. g3 Bg7 5. Bg2 O-O 6. O-O c5
7. c3 c4 8. Re1 cxd3 9. Qxd3 Nc6 10. Nbd2 Be6 11. Nb3 Rc8
12. Nbd4 Bd7 13. Nxc6 Bxc6 14. Nd4 Bd7 15. h3 Qb6 16. a4 a5
17. Re2 e5 18. Nb5 Bxb5 19. Qxb5 Qxb5 20. axb5 Rc5 21. Rxa5 d5
22. Be3 d4 23. cxd4 exd4 24. Bxd4 Rc1+ 25. Kh2 Ng4+ 26. hxg4
Bxd4 27. e5 Re8 28. f4 b6 29. Ra7 Rc5 30. Rd2 Be3 31. Rdd7 Rf8
32. Bd5 Rc2+ 33. Kh3 g5 34. Rxf7 Rxf7 35. Rxf7 Rd2 36. Be6 Kh8
37. Rf8+ Kg7 38. Rf7+ Kh8 39. fxg5 Bxg5 40. Bf5 h6 41. e6 Re2
42. Rb7 Bf6 43. Rxb6 Bd4 44. Rb8+ Kg7 45. g5 h5 46. Rb7+ Kf8
47. g6 Bg1 48. g7+ Kg8 49. Kh4 Bd4 50. Kg5 Re3 51. Kf4 Re1
52. Bg6 Bxg7 53. e7 Be5+ 1-0

[Event "World Blitz Championship"]
[Site "Berlin GER"]
[Date "2015.10.14"]
[EventDate "2015.10.13"]
[Round "19.62"]
[Result "1-0"]
[White "Baskaran Adhiban"]
[Black "Jorden van Foreest"]
[WhiteElo "2674"]
[BlackElo "2548"]
[PlyCount "39"]

1. d4 d5 2. c4 c6 3. Nf3 Nf6 4. Nc3 dxc4 5. a4 e6 6. e4 Bb4
7. Bg5 h6 8. Bxf6 Qxf6 9. Bxc4 c5 10. e5 Qe7 11. O-O cxd4
12. Ne4 Nc6 13. Qc1 O-O 14. Rd1 Bd7 15. Qf4 Kh8 16. Bd3 Ba5
17. Nf6 Nb4 18. Qe4 g6 19. Qh4 h5 20. Qg5 1-0